| 000 | 00483nam a2200181Ia 4500 | ||
|---|---|---|---|
| 003 | GCL | ||
| 008 | 140319s9999 xx 000 0 ara d | ||
| 020 | _a9645520150 | ||
| 040 |
_aGCL / _cGCL |
||
| 082 | 0 | 4 |
_a915.5 _bM I |
| 100 | 1 | _aMOHAMMAD SADEQI FASAI | |
| 245 | 1 | 0 |
_aIRAN IN FOUR SEASONS / _cMOHAMMAD SADEQI FASAI |
| 250 | _aTHIRD | ||
| 260 |
_aايران : _bNEGAR BOOKS ، _c1998 |
||
| 300 |
_a33 CM ؛ _c113 P |
||
| 650 | 0 | 4 | _aIRAN - DESCRIPTION AND TRAVEL |
| 942 |
_2ddc _cBK |
||
| 999 |
_c7995 _d7995 |
||